[Event "CRO-chT2 West"]
[Site "Rijeka"]
[Date "2020.10.25"]
[Round "8.4"]
[White "Cvencek, Mladen"]
[Black "Okrugic, Tomislav"]
[Result "0-1"]
[WhiteElo "1952"]
[BlackElo "1942"]
[PlyCount "58"]
[EventDate "2020.09.12"]
[EventType "team-tourn"]
[EventRounds "9"]
[EventCountry "CRO"]
[SourceTitle "EXT 2022"]
[Source "ChessBase"]
[SourceDate "2021.10.06"]
[SourceVersion "1"]
[SourceVersionDate "2021.10.06"]
[SourceQuality "1"]
[WhiteTeam "Buje"]
[BlackTeam "Mali Losinj"]
[WhiteTeamCountry "CRO"]
[BlackTeamCountry "CRO"]

1. d4 Nf6 2. Nf3 g6 3. c4 Bg7 4. Nc3 0-0 5. e4 d6 6. Bg5 h6 7. Be3 e5 8. d5 Ng4 9. Bd2 f5 10. Bd3 Nd7 11. h3 Nc5 12. Bc2 Nf6 13. Qe2 a5 14. g3 Nfxe4 15. Nxe4 fxe4 16. Bxe4 Qf6 17. Nh4 Nxe4 18. Qxe4 Qxf2+ 19. Kd1 g5 20. Be1 Qxb2 21. Rb1 Qd4+ 22. Qxd4 exd4 23. Ng2 b6 24. g4 Ba6 25. Rc1 Rae8 26. h4 Rf3 27. hxg5 hxg5 28. Rc2 d3 29. Rc1 Re2 0-1

[Event "CRO-chT2 West"]
[Site "Rijeka"]
[Date "2020.10.25"]
[Round "9.4"]
[White "Okrugic, Tomislav"]
[Black "Kukurin, Luka"]
[Result "0-1"]
[WhiteElo "1942"]
[BlackElo "2063"]
[PlyCount "72"]
[EventDate "2020.09.12"]
[EventType "team-tourn"]
[EventRounds "9"]
[EventCountry "CRO"]
[SourceTitle "EXT 2022"]
[Source "ChessBase"]
[SourceDate "2021.10.06"]
[SourceVersion "1"]
[SourceVersionDate "2021.10.06"]
[SourceQuality "1"]
[WhiteTeam "Mali Losinj"]
[BlackTeam "Porec Gortan"]
[WhiteTeamCountry "CRO"]
[BlackTeamCountry "CRO"]

1. e4 c5 2. Nc3 a6 3. d3 b5 4. f4 e6 5. Nf3 Bb7 6. g3 Nf6 7. e5 Nd5 8. Nxd5 Bxd5 9. Bg2 Be7 10. 0-0 d6 11. exd6 Qxd6 12. c3 Nd7 13. Qe2 0-0 14. Rd1 Rfe8 15. g4 Rad8 16. Kh1 Qc7 17. Be3 Bd6 18. Qd2 Nf6 19. h3 Bc6 20. Ne1 Nd5 21. Bxd5 Bxd5+ 22. Ng2 Bc6 23. Rf1 Bf8 24. Rad1 Bb7 25. Qf2 Rd5 26. d4 Red8 27. Qg1 Qc6 28. Kh2 cxd4 29. Rxd4 Bd6 30. Rfd1 Bc7 31. Rxd5 Rxd5 32. Rxd5 Qxd5 33. Qf2 Qxa2 34. Ne1 g5 35. Kg1 Qd5 36. Ng2 gxf4 0-1

[Event "CRO-chT2 West"]
[Site "Rijeka"]
[Date "2020.10.11"]
[Round "5.3"]
[White "Okrugic, Tomislav"]
[Black "Zezelj, Milan"]
[Result "0-1"]
[WhiteElo "1942"]
[BlackElo "1939"]
[PlyCount "52"]
[EventDate "2020.09.12"]
[EventType "team-tourn"]
[EventRounds "9"]
[EventCountry "CRO"]
[SourceTitle "EXT 2022"]
[Source "ChessBase"]
[SourceDate "2021.10.06"]
[SourceVersion "1"]
[SourceVersionDate "2021.10.06"]
[SourceQuality "1"]
[WhiteTeam "Mali Losinj"]
[BlackTeam "Karlobag"]
[WhiteTeamCountry "CRO"]
[BlackTeamCountry "CRO"]

1. e4 Nc6 2. d4 e5 3. Nf3 exd4 4. Nxd4 Qh4 5. Nb5 Bc5 6. Qf3 Nd4 7. Nxd4 Bxd4 8. c3 Bb6 9. Nd2 d6 10. a4 a6 11. Nc4 Ba7 12. e5 dxe5 13. Nxe5 Nf6 14. Bc4 0-0 15. Bf4 Be6 16. Bxe6 fxe6 17. g3 Qh3 18. 0-0-0 c6 19. Nd7 Nxd7 20. Rxd7 e5 21. Rxb7 exf4 22. Qxc6 Bxf2 23. Rd1 Qf5 24. Qc4+ Kh8 25. Rd5 Be3+ 26. Kd1 Rad8 0-1

[Event "CRO-chT2 West"]
[Site "Rijeka"]
[Date "2020.10.10"]
[Round "4.3"]
[White "Crnkovic, Zdravko"]
[Black "Okrugic, Tomislav"]
[Result "1-0"]
[WhiteElo "2006"]
[BlackElo "1942"]
[PlyCount "51"]
[EventDate "2020.09.12"]
[EventType "team-tourn"]
[EventRounds "9"]
[EventCountry "CRO"]
[SourceTitle "EXT 2022"]
[Source "ChessBase"]
[SourceDate "2021.10.06"]
[SourceVersion "1"]
[SourceVersionDate "2021.10.06"]
[SourceQuality "1"]
[WhiteTeam "Rovinj Batana"]
[BlackTeam "Mali Losinj"]
[WhiteTeamCountry "CRO"]
[BlackTeamCountry "CRO"]

1. e4 c5 2. Nf3 g6 3. Bc4 Nc6 4. d4 cxd4 5. Nxd4 Bg7 6. Nf3 Nf6 7. 0-0 0-0 8. Nc3 Qb6 9. Nd5 Nxd5 10. exd5 Nd4 11. Nxd4 Bxd4 12. c3 Bf6 13. Qe2 d6 14. Be3 Qc7 15. Rad1 Bd7 16. Bd3 Rfc8 17. h3 a5 18. f4 a4 19. a3 b5 20. f5 Ra5 21. Qf2 Rb8 22. Qg3 Be5 23. Bf4 Kh8 24. fxg6 Rg8 25. Bxe5+ dxe5 26. Rxf7 1-0

[Event "Krapina op 10th"]
[Site "Krapina"]
[Date "2020.01.19"]
[Round "6"]
[White "Krklec, Josip"]
[Black "Okrugic, Tomislav"]
[Result "1/2-1/2"]
[WhiteElo "2012"]
[BlackElo "1914"]
[PlyCount "132"]
[EventDate "2020.01.16"]
[EventType "swiss"]
[EventRounds "7"]
[EventCountry "CRO"]
[SourceTitle "CBM 194 Extra"]
[Source "ChessBase"]
[SourceDate "2020.03.31"]
[SourceVersion "1"]
[SourceVersionDate "2020.03.31"]
[SourceQuality "1"]

1. d4 d5 2. Nf3 Nf6 3. Bf4 Bf5 4. Nbd2 e6 5. Nh4 Bg6 6. Nxg6 hxg6 7. e3 Bd6 8. Be2 Bxf4 9. exf4 Nbd7 10. g3 Qe7 11. c3 c5 12. Nf3 0-0 13. Kf1 Rfc8 14. Kg2 a6 15. a4 Ne4 16. h4 cxd4 17. Nxd4 e5 18. fxe5 Qxe5 19. Nf3 Qf5 20. Qd4 Ndf6 21. Rad1 Re8 22. Bd3 Ng4 23. Rhf1 f6 24. Ng1 Qe5 25. Qxe5 Rxe5 26. Bxe4 dxe4 27. Rfe1 Rae8 28. Rd7 Rf5 29. Re2 b5 30. a5 g5 31. Rd4 gxh4 32. Nh3 hxg3 33. Kxg3 Ne5 34. Rexe4 Rc8 35. Rd6 Nc4 36. Rxa6 Nxb2 37. Kg4 Rfc5 38. Re7 R8c7 39. Ra8+ Kh7 40. Rxc7 Rxc7 41. Rb8 Rxc3 42. Rxb5 Nc4 43. a6 Ra3 44. Nf4 Rxa6 45. Rb7 Kh6 46. Rb1 g5 47. Rh1+ Kg7 48. Nd5 Re6 49. Ra1 Kg6 50. Ra8 Nb6 51. Ra6 Re4+ 52. Kf3 Nxd5 53. Kxe4 Nf4 54. f3 Ne2 55. Ke3 Nf4 56. Ke4 Ng2 57. Ra5 Nf4 58. Ra2 Ne6 59. Kd5 Nf4+ 60. Kd6 Kf5 61. Ra5+ Kg6 62. Ke7 Kg7 63. Rb5 Nh5 64. Rb6 Nf4 65. Rd6 Nh5 66. Ke6 Kg6 1/2-1/2

[Event "Krapina op 10th"]
[Site "Krapina"]
[Date "2020.01.18"]
[Round "5"]
[White "Hamer, Ivan"]
[Black "Okrugic, Tomislav"]
[Result "1-0"]
[WhiteElo "1990"]
[BlackElo "1914"]
[PlyCount "49"]
[EventDate "2020.01.16"]
[EventType "swiss"]
[EventRounds "7"]
[EventCountry "CRO"]
[SourceTitle "CBM 194 Extra"]
[Source "ChessBase"]
[SourceDate "2020.03.31"]
[SourceVersion "1"]
[SourceVersionDate "2020.03.31"]
[SourceQuality "1"]

1. d4 Nf6 2. Nf3 g6 3. c4 Bg7 4. g3 d6 5. Bg2 0-0 6. 0-0 c5 7. Nc3 a6 8. h3 Qc7 9. b3 Nbd7 10. Be3 b6 11. Qd2 Bb7 12. d5 Rfe8 13. Bh6 Bh8 14. Rad1 Rad8 15. Ng5 Bg7 16. Bxg7 Kxg7 17. f4 h6 18. Nf3 e6 19. dxe6 Rxe6 20. f5 Ne4 21. Nxe4 Rxe4 22. Nh4 d5 23. Bxe4 Qxg3+ 24. Bg2 Qxh4 25. cxd5 1-0

[Event "CRO Cup"]
[Site "Mali Losinj"]
[Date "2018.05.16"]
[Round "1.93"]
[White "Okrugic, Tomislav"]
[Black "Filipovic, Marko"]
[Result "0-1"]
[WhiteElo "1923"]
[BlackElo "2327"]
[PlyCount "64"]
[EventDate "2018.05.16"]
[EventType "team-swiss"]
[EventRounds "6"]
[EventCountry "CRO"]
[SourceTitle "CBM 184 Extra"]
[Source "ChessBase"]
[SourceDate "2018.06.28"]
[SourceVersion "1"]
[SourceVersionDate "2018.06.28"]
[SourceQuality "1"]
[WhiteTeam "Mali Losinj"]
[BlackTeam "Djakovo"]
[WhiteTeamCountry "CRO"]
[BlackTeamCountry "CRO"]

1. e4 c5 2. Nc3 Nc6 3. g3 g6 4. Bg2 Bg7 5. d3 e6 6. Be3 Nd4 7. Qd2 Ne7 8. Nd1 b6 9. c3 Ndc6 10. Bh6 Bxh6 11. Qxh6 Ne5 12. Qd2 Ba6 13. Bf1 d5 14. f4 N5c6 15. Nf2 Qc7 16. Nf3 dxe4 17. dxe4 Bxf1 18. Kxf1 Rd8 19. Qe2 e5 20. fxe5 Nxe5 21. Nxe5 Qxe5 22. Ng4 Qe6 23. Kg2 f5 24. Nf2 0-0 25. Rad1 Qxa2 26. c4 Qa4 27. exf5 Qc6+ 28. Kh3 Nxf5 29. Ng4 Rde8 30. Qd2 h5 31. Nh6+ Nxh6 32. Qxh6 Qe6+ 0-1

[Event "CRO-chT2 West"]
[Site "Croatia"]
[Date "2017.10.21"]
[Round "7"]
[White "Okrugic, Tomislav"]
[Black "Barcal, Aleksandar"]
[Result "0-1"]
[WhiteElo "1915"]
[BlackElo "1983"]
[PlyCount "82"]
[EventDate "2017.03.25"]
[EventType "team-tourn"]
[EventRounds "9"]
[EventCountry "CRO"]
[SourceTitle "EXT 2020"]
[Source "ChessBase"]
[SourceDate "2019.10.17"]
[SourceVersion "1"]
[SourceVersionDate "2019.10.17"]
[SourceQuality "1"]

1. e4 d6 2. Nc3 Nf6 3. g3 g6 4. Bg2 Bg7 5. Nge2 0-0 6. 0-0 c6 7. d3 Nbd7 8. Be3 Qa5 9. Qc1 d5 10. Bh6 dxe4 11. dxe4 e5 12. Rd1 Re8 13. Bxg7 Kxg7 14. Qe3 Nf8 15. h3 Be6 16. f4 Rad8 17. f5 Bc8 18. g4 h6 19. Ng3 N8h7 20. Kh2 Qb4 21. b3 b6 22. a3 Qe7 23. Bf1 Rxd1 24. Rxd1 Qxa3 25. Qd3 Qc5 26. Rd2 b5 27. Nd1 Ng5 28. Nf2 a5 29. h4 Ngh7 30. Bh3 g5 31. Nh5+ Nxh5 32. gxh5 gxh4 33. f6+ Nxf6 34. Bxc8 Rxc8 35. Qh3 Ra8 36. Nd3 Qd4 37. Qf5 Nxe4 38. Rg2+ Ng3 39. Nxe5 Qd5 40. Qg4+ Kh7 41. Qxh4 Qxe5 0-1

[Event "CRO-chT3W"]
[Site "Croatia"]
[Date "2016.03.06"]
[Round "2.5"]
[White "Okrugic, Tomislav"]
[Black "Gradiser, Dragoljub"]
[Result "1-0"]
[WhiteElo "1915"]
[BlackElo "1916"]
[PlyCount "105"]
[EventDate "2016.03.05"]
[EventType "team-tourn"]
[EventRounds "9"]
[EventCountry "CRO"]
[SourceTitle "CBM 171 Extra"]
[Source "ChessBase"]
[SourceDate "2016.04.26"]
[SourceVersion "1"]
[SourceVersionDate "2016.04.26"]
[SourceQuality "1"]
[WhiteTeam "Mali Los¡inj"]
[BlackTeam "Senj Velebit"]
[WhiteTeamCountry "CRO"]
[BlackTeamCountry "CRO"]

1. e4 e6 2. d4 d5 3. e5 c5 4. c3 Nc6 5. Nf3 Bd7 6. a3 c4 7. g3 Nge7 8. Nbd2 Nc8 9. Bh3 Be7 10. Nf1 b5 11. Ne3 a5 12. 0-0 Nb6 13. Nd2 h5 14. f4 f5 15. exf6 Bxf6 16. Qc2 Qe7 17. Re1 Nxd4 18. Qg6+ Qf7 19. Qxf7+ Kxf7 20. cxd4 Bxd4 21. Nf3 Bf6 22. Nc2 Na4 23. Ne5+ Bxe5 24. fxe5 Nc5 25. Rf1+ Kg6 26. Nd4 Rhf8 27. Be3 Rxf1+ 28. Rxf1 b4 29. Nb5 Bxb5 30. Bxc5 bxa3 31. bxa3 Bd7 32. Rb1 Rc8 33. Be3 Rc7 34. Rb6 Kf7 35. Bf1 Kg6 36. Kf2 Kf5 37. Ke2 g5 38. Bg2 Bc8 39. Bd4 c3 40. Rb1 Rc4 41. Rf1+ Kg6 42. Ke3 Ba6 43. Rc1 c2 44. Bf1 Rc6 45. Bxa6 Rxa6 46. Rxc2 Kf5 47. h3 Kg6 48. Rc8 a4 49. g4 h4 50. Kd3 Ra5 51. Rb8 Kh7 52. Kc3 Ra6 53. Bb6 1-0

[Event "CRO-chT2 West"]
[Site "Croatia"]
[Date "2015.10.25"]
[Round "9.3"]
[White "Begonja, Veljko"]
[Black "Okrugic, Tomislav"]
[Result "0-1"]
[WhiteElo "2156"]
[BlackElo "1910"]
[PlyCount "66"]
[EventDate "2015.02.21"]
[EventType "team-tourn"]
[EventRounds "9"]
[EventCountry "CRO"]
[SourceTitle "EXT 2017"]
[Source "ChessBase"]
[SourceDate "2016.10.25"]
[SourceVersion "1"]
[SourceVersionDate "2016.10.25"]
[SourceQuality "1"]
[WhiteTeam "Rijeka Junior"]
[BlackTeam "Mali Losinj"]
[WhiteTeamCountry "CRO"]
[BlackTeamCountry "CRO"]

1. d4 Nf6 2. Nf3 g6 3. Bg5 Bg7 4. Nc3 0-0 5. e4 d6 6. Qd2 Re8 7. h3 c6 8. Bd3 e5 9. dxe5 dxe5 10. 0-0 Nbd7 11. Qe2 Qc7 12. a4 Nc5 13. Bc4 Ne6 14. Qe3 Nf4 15. Nxe5 Nxh3+ 16. gxh3 Qxe5 17. f4 Qa5 18. Bxf6 Bxf6 19. e5 Bf5 20. Kh2 Qb4 21. Bb3 Bd8 22. Na2 Qe7 23. Rae1 Bb6 24. Qg3 Rad8 25. Re2 Rd4 26. Nc3 Red8 27. Rff2 c5 28. Nb5 c4 29. Nxd4 Rxd4 30. Ba2 Qd7 31. b3 Rd1 32. bxc4 Qc6 33. Qg2 Bxf2 0-1

[Event "CRO-chT2 West"]
[Site "Croatia"]
[Date "2015.10.24"]
[Round "7.3"]
[White "Okrugic, Tomislav"]
[Black "Juranic, Bruno"]
[Result "0-1"]
[WhiteElo "1910"]
[BlackElo "2138"]
[PlyCount "86"]
[EventDate "2015.02.21"]
[EventType "team-tourn"]
[EventRounds "9"]
[EventCountry "CRO"]
[SourceTitle "EXT 2017"]
[Source "ChessBase"]
[SourceDate "2016.10.25"]
[SourceVersion "1"]
[SourceVersionDate "2016.10.25"]
[SourceQuality "1"]
[WhiteTeam "Mali Losinj"]
[BlackTeam "Ravna Gora Goranka"]
[WhiteTeamCountry "CRO"]
[BlackTeamCountry "CRO"]

1. e4 d6 2. d4 g6 3. Nf3 Bg7 4. Be3 a6 5. Be2 b5 6. c3 Nd7 7. Nbd2 Bb7 8. Qc2 c5 9. Rd1 Qc7 10. d5 Ngf6 11. b3 0-0 12. h3 Nb6 13. c4 bxc4 14. bxc4 Bc8 15. Bf4 Nh5 16. Bh2 Bd7 17. g4 Nf6 18. e5 Ne8 19. Qe4 Na4 20. Rc1 f5 21. Qe3 fxg4 22. hxg4 Bxg4 23. Ng5 Qc8 24. f3 Bf5 25. Bg3 h6 26. Nge4 dxe5 27. Bd1 Nb2 28. Bc2 Nd6 29. Nxd6 exd6 30. Ne4 Qc7 31. Kf2 Nxc4 32. Qc3 Nb6 33. Rcd1 Bg4 34. Rd3 c4 35. Bd1 Rac8 36. Rd2 Bf5 37. Ke1 Nd7 38. Rdh2 Nf6 39. Nxf6+ Rxf6 40. Qc1 Qa5+ 41. Kf1 Bd3+ 42. Kg1 g5 43. Rxh6 Bxh6 0-1

[Event "CRO-chT2 West"]
[Site "Croatia"]
[Date "2015.03.22"]
[Round "5.3"]
[White "Okrugic, Tomislav"]
[Black "Grguric, Dragan"]
[Result "1-0"]
[WhiteElo "1910"]
[BlackElo "2065"]
[PlyCount "97"]
[EventDate "2015.02.21"]
[EventType "team-tourn"]
[EventRounds "9"]
[EventCountry "CRO"]
[SourceTitle "EXT 2016"]
[Source "ChessBase"]
[SourceDate "2015.10.08"]
[SourceVersion "1"]
[SourceVersionDate "2015.10.08"]
[SourceQuality "1"]
[WhiteTeam "Mali Losinj"]
[BlackTeam "Porec Gortan"]
[WhiteTeamCountry "CRO"]
[BlackTeamCountry "CRO"]

1. e4 c5 2. Nc3 g6 3. f4 Bg7 4. Nf3 e6 5. g3 Ne7 6. Bg2 Nbc6 7. 0-0 0-0 8. d3 b6 9. Qe1 Ba6 10. Qf2 Rc8 11. Kh1 d5 12. e5 b5 13. g4 b4 14. Na4 c4 15. Nc5 Qa5 16. Nd7 cxd3 17. Qh4 d4 18. Ng5 h6 19. Rf3 Nd5 20. Nf6+ Nxf6 21. exf6 Bxf6 22. Qxh6 Bxg5 23. fxg5 Qe5 24. Bf4 Qg7 25. cxd3 e5 26. Bg3 Rfe8 27. Raf1 Re7 28. Rf6 Bxd3 29. Rc1 Bb5 30. Bd5 Qxh6 31. gxh6 Kh7 32. Bxf7 Bd3 33. Be6 Be4+ 34. Kg1 Rce8 35. Bf5 Bxf5 36. gxf5 Nd8 37. Rxg6 d3 38. f6 Kxg6 39. fxe7 Rxe7 40. Bh4 Rd7 41. Kf2 Ne6 42. Ke3 Nf4 43. Rg1+ Kf5 44. Rg5+ Ke6 45. Be1 Rh7 46. Bg3 Rxh6 47. Rxe5+ Kf6 48. Bxf4 Rh3+ 49. Bg3 1-0

[Event "CRO-chT2 West"]
[Site "Croatia"]
[Date "2015.03.21"]
[Round "4.3"]
[White "Ugulin, Silvano"]
[Black "Okrugic, Tomislav"]
[Result "1-0"]
[WhiteElo "2023"]
[BlackElo "1910"]
[PlyCount "109"]
[EventDate "2015.02.21"]
[EventType "team-tourn"]
[EventRounds "9"]
[EventCountry "CRO"]
[SourceTitle "EXT 2016"]
[Source "ChessBase"]
[SourceDate "2015.10.08"]
[SourceVersion "1"]
[SourceVersionDate "2015.10.08"]
[SourceQuality "1"]
[WhiteTeam "Rovinj Batana"]
[BlackTeam "Mali Losinj"]
[WhiteTeamCountry "CRO"]
[BlackTeamCountry "CRO"]

1. e4 c5 2. Nf3 g6 3. d4 Bg7 4. c3 cxd4 5. cxd4 d5 6. e5 Bg4 7. h3 Bxf3 8. Qxf3 Nc6 9. Bb5 e6 10. Nc3 Nge7 11. 0-0 0-0 12. Rd1 Qb6 13. Qd3 f6 14. Na4 Qd8 15. Nc5 Qc8 16. f4 fxe5 17. fxe5 a6 18. Bxc6 Nxc6 19. Bd2 b6 20. Nb3 Qb7 21. Rac1 Rf5 22. Rc2 Rc8 23. Rdc1 Rf7 24. Qe2 Bf8 25. Qg4 Qd7 26. Qe2 Qb7 27. a4 Ne7 28. a5 Rxc2 29. Rxc2 Nf5 30. Qd3 Rc7 31. Rxc7 Qxc7 32. Qxa6 Qc2 33. Qxb6 Nxd4 34. Nxd4 Bc5 35. Qxe6+ Kg7 36. Qf6+ Kg8 37. Qf2 Qb1+ 38. Kh2 Qe4 39. Be3 Qxe5+ 40. g3 h5 41. Nc2 Bxe3 42. Qxe3 Qxb2 43. Qd3 Kh7 44. h4 Qf6 45. Qxd5 Qf1 46. Qb7+ Kh6 47. Ne3 Qe2+ 48. Ng2 g5 49. Qc6+ Kh7 50. hxg5 h4 51. Qh6+ Kg8 52. Qxh4 Qe5 53. a6 Qa1 54. Qh6 Qd4 55. Qg6+ 1-0

[Event "CRO-chT2 West"]
[Site "Croatia"]
[Date "2015.02.22"]
[Round "2.3"]
[White "Beric, Zeljko"]
[Black "Okrugic, Tomislav"]
[Result "1/2-1/2"]
[WhiteElo "1896"]
[BlackElo "1910"]
[PlyCount "105"]
[EventDate "2015.02.21"]
[EventType "team-tourn"]
[EventRounds "9"]
[EventCountry "CRO"]
[SourceTitle "EXT 2016"]
[Source "ChessBase"]
[SourceDate "2015.10.08"]
[SourceVersion "1"]
[SourceVersionDate "2015.10.08"]
[SourceQuality "1"]
[WhiteTeam "Rijeka Rijeka II"]
[BlackTeam "Mali Losinj"]
[WhiteTeamCountry "CRO"]
[BlackTeamCountry "CRO"]

1. e4 c5 2. Nf3 g6 3. d4 Bg7 4. Nc3 cxd4 5. Nxd4 Nc6 6. Be3 Nf6 7. f3 0-0 8. Bc4 Qb6 9. 0-0 Qxb2 10. Ndb5 Qb4 11. Bd3 Qa5 12. Nd5 Nxd5 13. exd5 Ne5 14. d6 exd6 15. Rb1 d5 16. f4 Nc4 17. Bxc4 dxc4 18. f5 Be5 19. fxg6 hxg6 20. Bh6 Bg7 21. Bxg7 Kxg7 22. Qd4+ f6 23. Nd6 Qe5 24. Qxe5 fxe5 25. Rxf8 Kxf8 26. Nxc4 d5 27. Nxe5 Kg7 28. Rb5 Kf6 29. Nd3 Be6 30. Rxb7 d4 31. a4 Rc8 32. Nb4 a5 33. Na6 Rxc2 34. Rb6 Ke5 35. Kf1 Bc4+ 36. Ke1 Re2+ 37. Kd1 Bxa6 38. Rxa6 Rxg2 39. h4 Ke4 40. Rxa5 Ke3 41. Rg5 Ra2 42. Rg3+ Ke4 43. Rxg6 Rxa4 44. h5 Ra5 45. h6 Rh5 46. Kd2 Rh2+ 47. Kd1 Kf4 48. Ke1 Kf5 49. Rd6 Ke5 50. Rg6 Kf4 51. Kd1 Ke3 52. Rg3+ Kf2 53. Rd3 1/2-1/2

[Event "CRO-chT2 West"]
[Site "Croatia"]
[Date "2013.03.16"]
[Round "1.35"]
[White "Okrugic, Tomislav"]
[Black "Ghersinich, Giuseppe"]
[Result "1/2-1/2"]
[WhiteElo "1876"]
[BlackElo "1938"]
[PlyCount "84"]
[EventDate "2013.03.16"]
[EventType "team-tourn"]
[EventRounds "9"]
[EventCountry "CRO"]
[SourceTitle "EXT 2019"]
[Source "ChessBase"]
[SourceDate "2018.10.10"]
[SourceVersion "1"]
[SourceVersionDate "2018.10.10"]
[SourceQuality "1"]
[WhiteTeam "Mali Losinj"]
[BlackTeam "Porec Gortan"]
[WhiteTeamCountry "CRO"]
[BlackTeamCountry "CRO"]

1. e4 e6 2. d4 d5 3. e5 c5 4. c3 Nc6 5. Nf3 Qb6 6. a3 Bd7 7. b4 cxd4 8. cxd4 Nge7 9. Be2 Nf5 10. Be3 Nxe3 11. fxe3 Be7 12. 0-0 0-0 13. Nc3 f6 14. Na4 Qd8 15. exf6 Bxf6 16. Nc5 Bc8 17. b5 Ne7 18. e4 dxe4 19. Nxe4 Nd5 20. Nxf6+ Rxf6 21. Qb3 Bd7 22. Ne5 Rc8 23. Rxf6 Nxf6 24. Bc4 Qb6 25. Rd1 Re8 26. a4 Qd6 27. Qf3 Bc8 28. Bb3 Rf8 29. Bc2 Qd5 30. Qd3 Rd8 31. Ng4 Qh5 32. Nxf6+ gxf6 33. Qg3+ Kh8 34. Qc7 Rg8 35. Qe7 Qh6 36. Rf1 Rf8 37. Bxh7 f5 38. Qc5 Kxh7 39. Rf3 Qf6 40. Rh3+ Kg8 41. Rg3+ Kh8 42. Rh3+ Kg8 1/2-1/2

[Event "CRO-chT2 West"]
[Site "Rijeka"]
[Date "2012.04.22"]
[Round "5.44"]
[White "Okrugic, Tomislav"]
[Black "Kukina, Mario"]
[Result "0-1"]
[WhiteElo "1885"]
[BlackElo "2069"]
[PlyCount "70"]
[EventDate "2012.03.17"]
[EventType "team-tourn"]
[EventRounds "9"]
[EventCountry "CRO"]
[SourceTitle "EXT 2013"]
[Source "ChessBase"]
[SourceDate "2012.11.22"]
[SourceVersion "1"]
[SourceVersionDate "2012.11.22"]
[SourceQuality "1"]

1. e4 c5 2. Nc3 Nc6 3. g3 d6 4. Bg2 Nf6 5. d3 e6 6. f4 a6 7. Nf3 Be7 8. 0-0 Qc7 9. h3 Bd7 10. Be3 d5 11. exd5 Nxd5 12. Nxd5 exd5 13. d4 c4 14. Ne5 Nxe5 15. dxe5 Bc5 16. Bd4 Qb6 17. c3 Bc6 18. f5 Bxd4+ 19. cxd4 Qxb2 20. e6 0-0-0 21. Qg4 f6 22. Rab1 Qc3 23. Rb6 Qe3+ 24. Kh1 Rhg8 25. Rfb1 Kc7 26. Qh5 Rdf8 27. Qd1 g6 28. Rxb7+ Bxb7 29. Rxb7+ Kxb7 30. Bxd5+ Ka7 31. Qa4 Rd8 32. Qc6 Qc1+ 33. Kh2 Qb2+ 34. Bg2 Qb6 35. Qxc4 Rxd4 0-1

[Event "CRO-chT2 West"]
[Site "Rijeka"]
[Date "2012.03.18"]
[Round "2.45"]
[White "Okrugic, Tomislav"]
[Black "Kirincic, Marko"]
[Result "1-0"]
[WhiteElo "1885"]
[BlackElo "1854"]
[PlyCount "45"]
[EventDate "2012.03.17"]
[EventType "team-tourn"]
[EventRounds "9"]
[EventCountry "CRO"]
[SourceTitle "EXT 2013"]
[Source "ChessBase"]
[SourceDate "2012.11.22"]
[SourceVersion "1"]
[SourceVersionDate "2012.11.22"]
[SourceQuality "1"]

1. e4 c5 2. Nc3 e6 3. g3 d5 4. exd5 exd5 5. d4 c4 6. Bg2 Bb4 7. Nge2 Bg4 8. 0-0 Ne7 9. h3 Bh5 10. g4 Bg6 11. Nf4 Bxc3 12. bxc3 Qa5 13. Re1 Be4 14. Bxe4 dxe4 15. Rxe4 Qxc3 16. Rxe7+ Kf8 17. Bd2 Qxd4 18. Bb4 Qxd1+ 19. Rxd1 Nc6 20. Rxb7+ Nxb4 21. Rxb4 Rc8 22. Rd7 g5 23. Nh5 1-0

[Event "Kraljevica ZNG111 op 14th"]
[Site "Kraljevica"]
[Date "2012.02.26"]
[Round "7"]
[White "Dizdarevic, Mirsad"]
[Black "Okrugic, Tomislav"]
[Result "1-0"]
[WhiteElo "1868"]
[BlackElo "1885"]
[PlyCount "119"]
[EventDate "2012.02.18"]
[EventType "swiss"]
[EventRounds "7"]
[EventCountry "CRO"]
[SourceTitle "CBM 147 Extra"]
[Source "ChessBase"]
[SourceDate "2012.04.24"]
[SourceVersion "1"]
[SourceVersionDate "2012.04.24"]
[SourceQuality "1"]

1. d4 Nf6 2. Nf3 g6 3. g3 Bg7 4. Bg2 0-0 5. 0-0 d6 6. Nbd2 Nc6 7. e4 Nd7 8. c3 e5 9. d5 Ne7 10. c4 h6 11. b4 f5 12. Bb2 Nf6 13. Re1 g5 14. Rc1 Ng6 15. exf5 Bxf5 16. Nf1 Ne7 17. Ne3 Bh7 18. h3 Nf5 19. g4 Nxe3 20. Rxe3 Rf7 21. Nd2 Nd7 22. Ne4 Nf8 23. Ng3 Ng6 24. Be4 Nh4 25. Qd3 Bxe4 26. Qxe4 Rf4 27. Qc2 Nf3+ 28. Kf1 Nd4 29. Bxd4 exd4 30. Re4 Qf8 31. Nf5 Rxe4 32. Qxe4 Re8 33. Qd3 Qf6 34. Re1 Re5 35. Re4 Bh8 36. a3 h5 37. Kg2 Kf8 38. f3 hxg4 39. fxg4 Ke8 40. Qxd4 Rxe4 41. Qxe4+ Kd7 42. Qe3 a5 43. bxa5 Qb2+ 44. Kf3 Be5 45. Qxg5 Qb3+ 46. Ne3 Qxa3 47. Qf5+ Kd8 48. g5 Qc1 49. Qg4 Qh1+ 50. Qg2 Qa1 51. h4 Qxa5 52. g6 b5 53. g7 Bxg7 54. Qxg7 bxc4 55. Qf8+ Kd7 56. Qf5+ Kd8 57. Nxc4 Qa4 58. Qg5+ Kc8 59. Qg4+ Kb8 60. Ne3 1-0

[Event "Kraljevica ZNG111 op 14th"]
[Site "Kraljevica"]
[Date "2012.02.25"]
[Round "5"]
[White "Tomljanovic, Goran"]
[Black "Okrugic, Tomislav"]
[Result "1-0"]
[WhiteElo "2063"]
[BlackElo "1885"]
[PlyCount "63"]
[EventDate "2012.02.18"]
[EventType "swiss"]
[EventRounds "7"]
[EventCountry "CRO"]
[SourceTitle "CBM 147 Extra"]
[Source "ChessBase"]
[SourceDate "2012.04.24"]
[SourceVersion "1"]
[SourceVersionDate "2012.04.24"]
[SourceQuality "1"]

1. d4 Nf6 2. c4 g6 3. Nc3 Bg7 4. Nf3 0-0 5. g3 d6 6. Bg2 Nc6 7. 0-0 Nd7 8. e4 e5 9. d5 Ne7 10. b4 f5 11. Ng5 Nf6 12. Bb2 h6 13. Ne6 Bxe6 14. dxe6 Nh7 15. Qb3 f4 16. f3 Kh8 17. Rad1 b6 18. c5 bxc5 19. bxc5 Rb8 20. Qa3 Nc8 21. Nd5 fxg3 22. hxg3 Re8 23. f4 Rxe6 24. fxe5 Bxe5 25. Bxe5+ Rxe5 26. Qa5 Rb2 27. cxd6 Qxd6 28. Qc3 Rxa2 29. Nf4 Qb6+ 30. Kh1 Raa5 31. Rd5 Raxd5 32. exd5 1-0

[Event "CRO-chT2 U20 West"]
[Site "Kastav"]
[Date "2011.04.27"]
[Round "4.21"]
[White "Kovacevic, Mladen"]
[Black "Okrugic, Tomislav"]
[Result "0-1"]
[WhiteElo "1930"]
[BlackElo "1886"]
[PlyCount "46"]
[EventDate "2011.04.26"]
[EventType "team-tourn"]
[EventRounds "5"]
[EventCountry "CRO"]
[SourceTitle "EXT 2014"]
[Source "ChessBase"]
[SourceDate "2013.11.20"]
[SourceVersion "1"]
[SourceVersionDate "2013.11.20"]
[SourceQuality "1"]

1. e4 c5 2. Bc4 Nc6 3. Nc3 a6 4. d3 g6 5. Nge2 Bg7 6. Be3 d6 7. Qd2 Nf6 8. 0-0-0 b5 9. Bb3 Ng4 10. Rdf1 Nxe3 11. fxe3 0-0 12. d4 c4 13. d5 Ne5 14. h4 cxb3 15. axb3 h5 16. Nf4 Bg4 17. Nh3 Bxh3 18. gxh3 Qa5 19. Qg2 Rac8 20. Qg5 Qa1+ 21. Kd2 Qxb2 22. Nd1 Qxc2+ 23. Ke1 Nd3# 0-1